000
00460nam a2200169Ia 4500
008
090711s9999 xx 000 0 und d
082
_b
1618
100
_a
पवार रमेश
245
_a
रसिका
260
_b
संवेदना प्रकाशन
_c
2000
300
_a
126
600
_a
पवार रमेश
630
_a
रसिका
700
_a
पवार रमेश
730
_a
रसिका
942
_c
BOOK
999
_c
338653
_d
338650